Past Tense Verbs in English - Statistics

General Stats
  • This quiz has been taken 71 times
  • The average score is 28 of 30
Answer Stats
Hint Answer % Correct
have had
100%
buy bought
98%
come came
98%
look looked
98%
see saw
98%
do did
96%
use used
96%
go went
96%
eat ate
94%
drive drove
94%
give gave
94%
get got
94%
know knew
94%
make made
94%
run ran
94%
say said
94%
swim swam
94%
tell told
94%
want wanted
94%
be (I/he/she/it) was
94%
work worked
94%
write wrote
94%
feel felt
93%
put put
93%
sit sat
93%
take took
93%
hold held
91%
leave left
91%
think thought
91%
be (you/we/they) were
91%
No matching quizzes found
Score Distribution
Percent of People with Each Score
Percentile by Number Answered
Your Score History
You have not taken this quiz